Statistics for Harry Potter characters

Click here to take the quiz!

General Stats

  • This quiz has been taken 67 times
    (44 since last reset)
  • The average score is 14 of 15

Answer Stats

HintAnswer% Correct
Harry's owlHedwig
100%
Main girlHermione
100%
Harry's best friendRon
100%
The house elfDobby
97%
Rons brother that works with dragonsCharlie
95%
Hagrids spiderAragog
92%
The finder of ravenclawRowena
92%
The finder of slytherinSalazar
92%
The finder of gryffindorGodric
90%
Symbol that represents gryffindorLion
90%
Rons ratscabbers
90%
Hermiones catCrookshanks
87%
The finder of hufflepuffHelga
87%
Filtches catMrs norris
87%
Rons brothersFred and george
62%

Score Distribution

Percentile by Number Answered

Percent of People with Each Score

Your Score History

You have not taken this quiz since the last reset